Introduction to solid state physics (Record no. 7817)
[ view plain ]
| 000 -LEADER | |
|---|---|
| fixed length control field | 00616 a2200205 4500 |
| 020 ## - INTERNATIONAL STANDARD BOOK NUMBER | |
| International Standard Book Number | 0-471-41526-X |
| 020 ## - INTERNATIONAL STANDARD BOOK NUMBER | |
| International Standard Book Number | 0-471-68057-5 (International ed.) |
| 020 ## - INTERNATIONAL STANDARD BOOK NUMBER | |
| International Standard Book Number | 978-0-471-41526-8 |
| 040 ## - CATALOGING SOURCE | |
| Original cataloging agency | DLC |
| Language of cataloging | DLC |
| 082 04 - DEWEY DECIMAL CLASSIFICATION NUMBER | |
| Classification number | 530.41 |
| 100 1# - MAIN ENTRY--PERSONAL NAME | |
| Personal name | Kittel, Charles, |
| 245 10 - TITLE STATEMENT | |
| Title | Introduction to solid state physics |
| Statement of responsibility, etc. | Charles Kittel |
| 250 ## - EDITION STATEMENT | |
| Edition statement | 8. ed. |
| 260 ## - PUBLICATION, DISTRIBUTION, ETC. | |
| Place of publication, distribution, etc. | Hoboken, N.J. : |
| Name of publisher, distributor, etc. | Wiley, |
| Date of publication, distribution, etc. | c2005 |
| 300 ## - PHYSICAL DESCRIPTION | |
| Extent | xix, 680 s. : |
| Other physical details | ill. |
| 500 ## - GENERAL NOTE | |
| General note | "Chapter 18, Nanostructures, was written by Professor Paul McEuen ..." |
| 650 #7 - SUBJECT ADDED ENTRY--TOPICAL TERM | |
| Topical term or geographic name entry element | Solid state physics |
| 700 1# - ADDED ENTRY--PERSONAL NAME | |
| Personal name | McEuen, Paul |
| Relator code | aut |
| 942 ## - ADDED ENTRY ELEMENTS (KOHA) | |
| Koha item type | Book |
| Call number prefix | 530.41 KIT |
| Source of classification or shelving scheme | |
| Withdrawn status | Lost status | Damaged status | Not for loan | Collection code | Permanent Location | Current Location | Shelving location | Date acquired | Source of acquisition | Cost, normal purchase price | Total Checkouts | Total Renewals | Full call number | Barcode | Date last seen | Date last checked out | Price effective from | Koha item type |
|---|---|---|---|---|---|---|---|---|---|---|---|---|---|---|---|---|---|---|
| Central Library (CL) | Central Library (CL) | General Stacks | 01/27/2007 | Allied Book Company | 2742.01 | 7 | 12 | 530.41 KIT | SEECS008068 | 01/10/2025 | 01/04/2025 | 01/05/2017 | Book | |||||
| Central Library (CL) | Central Library (CL) | General Stacks | 01/27/2007 | Allied Book Company | 2742.01 | 9 | 7 | 530.41 KIT | SEECS008067 | 01/10/2025 | 01/04/2025 | 01/05/2017 | Book | |||||
| Central Library (CL) | Central Library (CL) | General Stacks | 01/27/2007 | Allied Book Company | 2742.01 | 10 | 13 | 530.41 KIT | SEECS008066 | 01/10/2025 | 03/18/2024 | 01/05/2017 | Book |
